Score 0/60 Timer 06:00
1 Play Today
Owners/Pets Pets & Owners % Correct
Fred FlintstoneFred Flintstone & Dino the dinosaur
93.8%
DinoFred Flintstone & Dino the dinosaur
93.6%
Charlie BrownCharlie Brown and Snoopy
89.9%
SnoopyCharlie Brown and Snoopy
89.9%
George JetsonGeorge Jetson and Astro
80.8%
AstroGeorge Jetson and Astro
80.7%
Peter Griffin Peter Griffin & Brian the dog
73.9%
BrianPeter Griffin & Brian the dog
73.9%
Ross Geller Ross Geller & Marcel the Capuchin monkey
72.5%
MarcelRoss Geller & Marcel the Capuchin monkey
72.5%
EddieMartin Crane & Eddie the Jack Russell Terrier
66.9%
Martin Crane Martin Crane & Eddie the Jack Russell Terrier
66.9%
SpongeBob SquarePantsSpongeBob SquarePants & Gary the snail
60.7%
GarySpongebob Squarepants & Gary the snail
60.7%
Jon ArbuckleJon Arbuckle & Odie the dog
59.6%
OdieJon Arbuckle & Odie the dog
59.6%
Al BundyAl Bundy & Buck the dog
43.9%
BuckAl Bundy & Buck the dog
43.9%
Wilbur PostWilbur Post and Mister Ed
40.2%
Mister EdWilbur Post and Mister Ed
40.2%
Gargamel Gargamel & Azrael the cat
39.7%
AzraelGargamel & Azrael the cat
39.7%
Oscar the GrouchOscar the Grouch & Slimy the worm
38.9%
SlimyOscar the Grouch & Slimy the worm
38.9%
Turanga Leela Turanga Leela & Nibbler the Nibblonian
30.6%
NibblerTuranga Leela & Nibbler the Nibblonian
30.6%
Christopher TurkChristopher Turk & Rowdy the stuffed dog
30%
Lorelai Gilmore Lorelai Gilmore & Paul Anka the dog
29.7%
Paul AnkaLorelai Gilmore & Paul Anka the dog
29.7%
RowdyChristopher Turk & Rowdy the stuffed dog
29.6%
Owners/Pets Pets & Owners % Correct
Paul Buchman Paul Buchman & Murray the Collie
28.7%
MurrayPaul Buchman & Murray the Collie
28.7%
Selma BouvierSelma Bouvier & Jub-Jub the iguana
24.3%
Jub-JubSelma Bouvier & Jub-Jub the iguana
24.3%
Crabman Crabman & Mr Turtle the turtle
21.1%
Mr TurtleCrabman & Mr Turtle the turtle
21.1%
Colonel PotterColonel Potter & Sophie the horse
20%
SophieColonel Potter & Sophie the horse
20%
Angela Martin Angela Martin & Sprinkles the cat
19.9%
SprinklesAngela Martin & Sprinkles the cat
19.9%
Robert Barone Robert Barone & Shamsky the Bulldog
19.5%
ShamskyRobert Barone & Shamsky the Bulldog
19.5%
Sheriff Rosco Sheriff Rosco & Flash the Bassett Hound
17.4%
FlashSheriff Rosco & Flash the Bassett Hound
17.4%
Sonny Crockett Sonny Crockett & Elvis the alligator
14.5%
ElvisSonny Crockett & Elvis the alligator
14.5%
Turtle Turtle & Arnold the Rottweiler
13.7%
ArnoldTurtle & Arnold the Rottweiler
13.7%
Walt Lloyd Walt Lloyd & Vincent the Labrador Retriever
11.9%
VincentWalt Lloyd & Vincent the Labrador Retriever
11.9%
Veronica Mars Veronica Mars & Backup the Pitbull
11%
BackupVeronica Mars & Backup the Pitbull
11%
Prince AdamPrince Adam & Cringer the tiger
10.3%
CringerPrince Adam & Cringer the tiger
10.3%
Dana Scully Dana Scully & Queequeg the Pomeranian
9.6%
QueequegDana Scully & Queequeg the Pomeranian
9.6%
Arnold JacksonArnold Jackson & Abraham the Goldfish
9.2%
AbrahamArnold Jackson & Abraham the Goldfish
9.2%
Tara Maclay Tara Maclay & Miss Kitty Fantastico the cat
7.7%
Miss Kitty FantasticoTara Maclay & Miss Kitty Fantastico the cat
7.5%

You're not logged in!

Compare scores with friends on all Sporcle quizzes.
OR
Log In

Sporcle TV

Today on Sporcle TV


Watch our educational content, quiz creation guides, and fun videos on Sporcle TV.

Show Comments

Extras

Top Quizzes Today


Score Distribution

Paid Content

Your Account Isn't Verified!

In order to create a playlist on Sporcle, you need to verify the email address you used during registration. Go to your Sporcle Settings to finish the process.

Report this User

Report this user for behavior that violates our Community Guidelines.

Details: